| 000 | 01536nam a2200373 c 4500 | ||
|---|---|---|---|
| 999 |
_c120441 _d120441 |
||
| 003 | BLK | ||
| 005 | 20220225161941.0 | ||
| 008 | 180409b bul|||||r ||||||| ||bul|| | ||
| 010 | _aKNG00126057000 | ||
| 020 | _a978-954-387-132-6 | ||
| 040 | _aBLK | ||
| 041 |
_aBUL _cBUL |
||
| 072 | 7 |
_2bullib _aК _xКраезнание |
|
| 072 | 7 |
_2bullib _aН8400 _xБългарска поезия Н |
|
| 072 | 7 |
_2bullib _aРА _xРусенски автори |
|
| 080 |
_aБългарска литература _b821.163.2 _x-1 _z821.163.2-1 |
||
| 100 | 1 |
_aПенева, Николина _eпърви автор _gБачева, Николина Пенева _9263308 |
|
| 139 |
_aПенева, Николина _bП 34 |
||
| 245 | 1 | 0 |
_aИда от предвечността _bПоезия _cНиколина Пенева; * Николина Пенева Бачева. |
| 257 | _aBGR | ||
| 260 |
_bИзд. авт. _c2011 _fРусе : Авангард принт |
||
| 300 |
_a80 с. _c21 см |
||
| 380 | _aX | ||
| 500 | _aПълното име на авт. е Николина Пенева Бачева. - Съдържа и за авт. | ||
| 653 | _aстихотворения | ||
| 659 | _aК | ||
| 659 | _aН | ||
| 700 | 1 |
_aБачева, Николина Пенева _e* _9366534 |
|
| 852 | _aЦб 253239 | ||
| 852 | _aК 821.163.2/П 34 Н | ||
| 856 | 4 | _qpdf | |
| 856 | 4 | _qpdf | |
| 942 |
_cKNG _n0 _s1 |
||
| 944 |
_aCR _c17.10.2011 _lф / _kЛюдмила_Стоянова |
||
| 944 |
_aED _c06.04.2016 _lф / _kЛюдмила_Стоянова |
||
| 999 | _d120441 | ||